| 000 | 00650nam a22002297a 4500 | ||
|---|---|---|---|
| 003 | DO-SdBNP | ||
| 005 | 20220209090443.0 | ||
| 007 | ta | ||
| 008 | 220209b1910 ||||e |||| 00| 0 spa d | ||
| 040 |
_aDO-SdBNP _bspa _cBNPHU |
||
| 082 | 4 |
_222 _a343.02. _bL215d |
|
| 100 | 0 |
_958541 _aLamarche, J |
|
| 245 | 1 | 0 |
_aEl derecho público de propiedad / _cJ. Lamarche |
| 260 |
_aSanto Domingo : _bFlor del Ozoma, _c1910. |
||
| 300 |
_a( 5 p.) : _c24 cm |
||
| 590 | _aInventariado, 2022 / SA | ||
| 650 | 4 | 0 |
_aPropiedad _xBienes _981187 |
| 650 | 4 | 0 |
_aPropiedad pública _981188 |
| 650 | 4 | 0 |
_94070 _aDerecho de propiedad |
| 910 | _aSaquino | ||
| 942 |
_2ddc _cLF2 |
||
| 999 |
_c51386 _d51386 |
||